[Event "34th Olympiad Women"]
[Site "Istanbul TUR"]
[Date "2000.11.12"]
[Round "14"]
[White "Sergeeva,M"]
[Black "Shahade,J"]
[Result "0-1"]
[WhiteElo "2277"]
[BlackElo "2238"]

1.e4 c5 2.Nf3 e6 3.d4 cxd4 4.Nxd4 a6 5.Nc3 Qc7 6.Be3 Bb4 7.Bd2 Nf6 8.Bd3 Be7
9.a4 b6 10.Qe2 d6 11.f4 Nbd7 12.O-O O-O 13.Kh1 Bb7 14.Rae1 Rfd8 15.e5 dxe5
16.fxe5 Qxe5 17.Qf2 Qc7 18.Bf4 Bd6 19.Ndb5 axb5 20.Nxb5 Bxf4 21.Nxc7 Bxc7
22.c3 Rxa4 23.b4 Raa8 24.Bc2 Ba6 25.Rg1 Bxh2 26.Rgf1 Bxf1 27.Rxf1 Bc7 28.c4 Rac8
29.g4 h6 30.Qh4 Kf8 31.g5 hxg5 32.Qxg5 Ke7 33.c5 bxc5 34.bxc5 Rh8+ 35.Kg1 Bh2+  0-1

[Event "FSIM November"]
[Site "Budapest HUN"]
[Date "2000.11.16"]
[Round "13"]
[White "Balogh,C"]
[Black "Nemeth,Z"]
[Result "1/2-1/2"]
[WhiteElo "2359"]
[BlackElo "2308"]

1.e4 c5 2.Nf3 e6 3.d4 cxd4 4.Nxd4 a6 5.Nc3 b5 6.Bd3 Qb6 7.Be3 Bc5 8.Be2 Nc6
9.Nxc6 Bxe3 10.fxe3 dxc6 11.Qd4 Qxd4 12.exd4 e5 13.d5 Ne7 14.O-O-O Ra7 15.Rd2 cxd5
16.Nxd5 Nxd5 17.Rxd5 f6 18.Rhd1 Ke7 19.Rc5 Rd8 20.b4 Rxd1+ 21.Kxd1 Be6 22.a4 Rd7+
23.Bd3 Bc4 24.axb5 axb5 25.Ke2 Rd4 26.Bxc4 Rxe4+ 27.Kd3 Rd4+ 28.Kc3 Rxc4+
29.Rxc4 bxc4 30.Kxc4 Kd6 31.g4 g6 32.Kd3 h5 33.gxh5 gxh5 34.Ke4 Ke6 35.c4 f5+
36.Kf3 Kd6 37.Kg3 Kc6 38.Kf3 Kd6 39.Kg3 Kc6 40.Kf3 Kd6 41.Kg3 Kc6  1/2-1/2

[Event "Tch-ISL"]
[Site "Reykjavik ISL"]
[Date "2000.11.18"]
[Round "2"]
[White "Jonsson,Bjorg"]
[Black "Arnason,J"]
[Result "0-1"]
[WhiteElo "2395"]
[BlackElo "2528"]

1.e4 c5 2.Nf3 e6 3.d4 cxd4 4.Nxd4 a6 5.Nc3 d6 6.g4 b5 7.a3 Bb7 8.g5 Ne7 9.Be3 Nd7
10.Qd2 d5 11.O-O-O e5 12.exd5 exd4 13.Qxd4 Ng6 14.Bh3 Bd6 15.Qxg7 Be5 16.Qh6 Qc7
17.Bd4 O-O-O 18.Bxe5 Qxe5 19.Rhe1 Qf4+ 20.Kb1 Kb8 21.d6 Nde5 22.Nd5 Qxf2
23.Rf1 Qc5 24.Nc3 Rxd6 25.Rxd6 Qxd6 26.Qg7 b4 27.Rf6 Qc5 28.axb4 Qxb4 29.Bf1 Rc8
30.Ka2 Rxc3 31.bxc3 Bd5+ 32.c4 Nxc4  0-1

[Event "Czech Extra League 2000-1"]
[Site "CZE"]
[Date "2000.11.19"]
[Round "2"]
[White "Antoniewski,R"]
[Black "Bazant,P"]
[Result "0-1"]
[WhiteElo "2446"]
[BlackElo "2329"]

1.e4 c5 2.Nf3 e6 3.d4 cxd4 4.Nxd4 a6 5.Nc3 Qc7 6.Bd3 Nf6 7.f4 Bb4 8.Ne2 Qb6
9.h3 Nc6 10.a3 Be7 11.e5 Nh5 12.h4 f5 13.Rh3 g6 14.Be3 Qd8 15.Na4 b5 16.Bb6 Bxh4+
17.g3 Qe7 18.Bc5 Qd8 19.Rxh4 bxa4 20.Kf2 Qa5 21.Bd6 Qb6+ 22.Kg2 Bb7 23.Kh2 Qf2+
24.Kh3 Nxe5 25.Qf1 Qxf1+ 26.Rxf1 Nf3 27.Rxh5 gxh5 28.Nc3 Rg8 29.Be2 h4 30.Bxf3 Rxg3+
31.Kxh4 Rxf3 32.Rg1 Kf7 33.Nxa4 Rg8 34.Rxg8 Kxg8 35.Nc5 Bc6 36.Nxa6 h6 37.Nb4 h5  0-1

[Event "Czech Extra League 2000-1"]
[Site "CZE"]
[Date "2000.11.19"]
[Round "2"]
[White "Zurek,M"]
[Black "Lechtynsky,J"]
[Result "1/2-1/2"]
[WhiteElo "2435"]
[BlackElo "2407"]

1.e4 c5 2.Nf3 e6 3.d4 cxd4 4.Nxd4 a6 5.Nc3 Qc7 6.Bd3 Nf6 7.a3 Nc6 8.Nxc6 bxc6
9.O-O d6 10.f4 Be7 11.Kh1 Bb7 12.Qe2 Nd7 13.b3 Bf6 14.Bb2 O-O 15.e5 dxe5
16.Ne4 Be7 17.f5 exf5 18.Rxf5 g6 19.Raf1 f6 20.R5f3 c5 21.Rh3 f5 22.Bc4+ Kg7
23.Qd2 h5 24.Ng5 Bxg5 25.Qxg5 Qd8 26.Qd2 Qe7 27.Bd5 Bxd5 28.Qxd5 Rfe8 29.Re3 Kh7
30.Rd1 Ra7 31.Qc6 e4 32.Rg3 Nf8 33.h3 f4 34.Rc3 Rc7 35.Qxa6 f3 36.gxf3 Qh4
37.Qf1 Rf7 38.Rc4 Qg3 39.Qg2 Qxg2+ 40.Kxg2 exf3+ 41.Kh1 Nd7 42.Rf1 g5 43.a4 Rf5
44.a5  1/2-1/2

[Event "Tenkes Kupa"]
[Site "Harkany HUN"]
[Date "2000.11.19"]
[Round "4"]
[White "Tatar Kis,S"]
[Black "Papp,Ga"]
[Result "1-0"]
[WhiteElo "2376"]
[BlackElo "2254"]

1.e4 c5 2.Nf3 e6 3.d4 cxd4 4.Nxd4 a6 5.Nc3 b5 6.Bd3 Qb6 7.Be3 Bc5 8.Be2 Bb7
9.a4 Nc6 10.a5 Qa7 11.Ndxb5 axb5 12.Nxb5 Bxe3 13.Nxa7 Bxa7 14.c3 Nf6 15.f3 d5
16.b4 dxe4 17.b5 Ne5 18.b6 Rd8 19.Qa4+ Nfd7 20.bxa7 exf3 21.gxf3 O-O 22.O-O Nc5
23.Qb4 Rd2 24.Qxc5 Rxe2 25.Rab1 Nxf3+ 26.Rxf3 Bxf3 27.Rb8  1-0

[Event "Tenkes Kupa"]
[Site "Harkany HUN"]
[Date "2000.11.23"]
[Round "8"]
[White "Horvath,Las"]
[Black "Papp,Ga"]
[Result "0-1"]
[WhiteElo "2276"]
[BlackElo "2254"]

1.e4 c5 2.Nf3 e6 3.d4 cxd4 4.Nxd4 a6 5.Nc3 b5 6.Bd3 Qb6 7.Be3 Bc5 8.Be2 Nc6
9.Nxc6 Bxe3 10.fxe3 dxc6 11.Qd4 Qxd4 12.exd4 e5 13.d5 c5 14.a4 b4 15.Nb1 f5
16.c4 Nf6 17.exf5 Bxf5 18.Nd2 Ke7 19.O-O-O Kd6 20.Rhf1 Bg6 21.g4 Rhf8 22.h4 h6
23.g5 hxg5 24.hxg5 Ne4 25.Nxe4+ Bxe4 26.Kd2 Bg6 27.Bd3 e4 28.Be2 Rxf1 29.Rxf1 Rh8
30.Rf2 Ke5 31.Bf1 Rh5 32.Rg2 a5 33.Rg3 Rh2+ 34.Bg2 Kf4  0-1

[Event "TCh-SVK"]
[Site "SVK"]
[Date "2000.11.25"]
[Round "3"]
[White "Simacek,P"]
[Black "Talla,V"]
[Result "1/2-1/2"]
[WhiteElo "2341"]
[BlackElo "2401"]

1.e4 c5 2.Nf3 e6 3.d4 cxd4 4.Nxd4 a6 5.Nc3 Qc7 6.g3 Bb4 7.Ne2 Nf6 8.Bg2 O-O
9.Bf4 d6 10.a3 Bxc3+ 11.Nxc3 Rd8 12.Qd2 Nc6 13.Rd1 Ne8 14.O-O b5 15.Rfe1 Bb7
16.Re3 Na5 17.b3 e5 18.Bg5 f6 19.Nd5 Bxd5 20.Qxd5+ Qf7 21.Qxf7+ Kxf7 22.Rf3 d5
23.exd5 e4 24.Rf4 Kg8 25.Bh3 Nd6 26.Be6+ Kf8 27.f3 Ke7 28.fxe4 fxg5 29.Rff1 Rf8
30.e5 Nf7 31.Bg4 Nb7 32.d6+ Ke8 33.Bf3 Nfd8 34.c4 bxc4 35.bxc4 Ra7 36.Rb1 Rxf3
37.Rxf3 Kd7 38.Rf8 Nc5 39.Rb8 Nce6 40.Rg8 Rb7 41.Rxb7+ Nxb7 42.Ra8 Nbd8 43.Ra7+ Kc6
44.Rxa6+ Kc5 45.a4 Kxc4 46.Rb6 Kc5 47.Rb8 Nc6 48.Rc8 Kd5 49.d7 Ned8 50.a5 Ke6
51.a6 Kxd7 52.Rb8 Ne6 53.Rb7+ Kc8 54.Rb6 Kd7 55.Kf2 Nc5 56.e6+ Nxe6 57.a7 Nxa7
58.Rb7+ Kd6 59.Rxa7 Ke5 60.Rf7 g4 61.Ke3 h5 62.Kd3 g6 63.Ke3 Ng5 64.Ra7 Ne6
65.Ra6 Kf5 66.Ra5+ Kf6 67.Ke4 Ng5+ 68.Kd5 Nf3 69.Ra2 Kf5 70.Rf2 g5 71.Rf1 h4
72.Rf2 h3 73.Rf1 Kf6 74.Ke4 Kg6 75.Rf2 Kf6 76.Ra2 Kg6 77.Rb2 Kf6 78.Rb6+ Kg7
79.Rb2  1/2-1/2

[Event "National Chess Congress"]
[Site "Philadelphia USA"]
[Date "2000.11.28"]
[Round "6"]
[White "Karklins,A"]
[Black "Sales,J"]
[Result "1-0"]
[WhiteElo "2304"]
[BlackElo "2326"]

1.e4 c5 2.Nf3 e6 3.d4 cxd4 4.Nxd4 a6 5.Nc3 Qc7 6.g3 Nf6 7.Bg2 d6 8.Qe2 Bd7
9.f4 Nc6 10.Be3 Be7 11.O-O-O Nxd4 12.Bxd4 e5 13.Be3 Rc8 14.Kb1 Bg4 15.Bf3 Bxf3
16.Qxf3 b5 17.Qe2 Qc4 18.Rhe1 Nxe4 19.Nd5 Qxe2 20.Rxe2 f6 21.Bb6 Nc5 22.Bxc5 Rxc5
23.Red2 Rc6 24.Rd3 Kd7 25.a4 bxa4 26.Ra3 Rb8 27.Rxa4 Bd8 28.c4 a5 29.Kc2 Ke6
30.b3 f5 31.Re1 Rb5 32.Nc3 Rb7 33.Raa1 Rc5 34.Rad1 Bf6 35.Na4 Rc6 36.Rd5 Ra7
37.Rb5 g5 38.fxe5 Bxe5 39.Nb2 Kf6 40.Nd3 a4 41.Nxe5 axb3+ 42.Kxb3 dxe5 43.Rexe5 h6
44.Rxf5+ Kg6 45.g4 Ra1 46.c5 Rg1 47.Re5 Rxg4 48.Rb6 Rf6 49.Rxf6+ Kxf6 50.Re1 Rd4
51.c6 Rd6 52.Rc1 Rd8 53.c7 Rc8 54.Kb4 g4 55.Kb5 h5 56.Kb6 h4 57.Rc5 Rg8 58.Kb7  1-0

[Event "Mitropa Team Cup"]
[Site "Charleville FRA"]
[Date "2000.11.29"]
[Round "5"]
[White "Fressinet,L"]
[Black "Cvitan,O"]
[Result "1/2-1/2"]
[WhiteElo "2536"]
[BlackElo "2541"]

1.e4 c5 2.Nf3 e6 3.d4 cxd4 4.Nxd4 a6 5.Nc3 Qc7 6.Bd3 Nc6 7.Be3 Bd6 8.Nxc6 dxc6
9.Qg4 Kf8 10.f4 e5 11.f5 Nf6 12.Qf3 b5 13.a4 Bb7 14.O-O Qe7 15.Bg5 h6 16.Bh4 Kg8
17.Kh1 Kh7 18.Rad1 Rad8 19.axb5 cxb5 20.g4  1/2-1/2

[Event "Mitropa Team Cup"]
[Site "Charleville FRA"]
[Date "2000.12.01"]
[Round "7"]
[White "Plachetka,J"]
[Black "Gustafsson,J"]
[Result "1/2-1/2"]
[WhiteElo "2373"]
[BlackElo "2506"]

1.e4 c5 2.Nf3 e6 3.d4 cxd4 4.Nxd4 a6 5.Nc3 b5 6.Bd3 Qb6 7.Be3 Bc5 8.Be2 Nc6
9.Nxc6 Bxe3 10.fxe3 dxc6 11.Qd4 Qxd4 12.exd4 e5 13.d5 Ne7 14.dxc6 Nxc6 15.Nd5 O-O
16.c3 Rb8 17.b4 Bb7 18.O-O Na7  1/2-1/2

[Event "Open"]
[Site "Milan ITA"]
[Date "2000.12.03"]
[Round "1"]
[White "Hitzgerova,G"]
[Black "Rossi,G"]
[Result "1-0"]
[WhiteElo "2245"]
[BlackElo "2101"]

1.e4 c5 2.Nf3 e6 3.d4 cxd4 4.Nxd4 a6 5.Nc3 Qc7 6.g3 Nf6 7.Bg2 Be7 8.O-O O-O
9.a4 d6 10.Kh1 Bd7 11.a5 Nc6 12.Nb3 Rfc8 13.f4 Bf8 14.Be3 Be8 15.Bb6 Qe7
16.Re1 Nd7 17.Na4 Rab8 18.Bg1 g6 19.Qd2 Qf6 20.c3 Qd8 21.Nb6 Nxb6 22.Bxb6 Qe7
23.Qd3 f6 24.Nd2 Bf7 25.Nc4 e5 26.Ne3 exf4 27.gxf4 Re8 28.Nd5 Bxd5 29.Qxd5+ Qf7
30.Qd3 Kg7 31.Re2 Qe7 32.Rae1 Nd8 33.e5 dxe5 34.fxe5 f5 35.e6 Kg8 36.Qc4 Nc6
37.Bxc6 Rec8 38.Qf4 bxc6 39.Rd1 Rxb6 40.axb6 Qb7 41.Rd7  1-0

[Event "FSGM December"]
[Site "Budapest HUN"]
[Date "2000.12.05"]
[Round "3"]
[White "Antal,Ge"]
[Black "Szieberth,A"]
[Result "1-0"]
[WhiteElo "2405"]
[BlackElo "2421"]

1.e4 c5 2.Nf3 e6 3.d4 cxd4 4.Nxd4 a6 5.Nc3 b5 6.g3 Bb7 7.Bg2 Nf6 8.O-O b4
9.Na4 Bxe4 10.Bxe4 Nxe4 11.Re1 Nc5 12.Qf3 Ra7 13.Nxc5 Bxc5 14.Nb3 d6 15.Qh5 O-O
16.Nxc5 dxc5 17.Qxc5 Rc7 18.Qxb4 Rxc2 19.Qb3 Rc5 20.Be3 Rb5 21.Qc3 Qd5 22.Bd4 f6
23.b4 a5 24.a3 axb4 25.axb4 e5 26.Bc5 Rc8 27.Red1 Qc6 28.Rd6 Qb7 29.Qc4+ Kh8
30.Qd3 Nc6 31.Ra7 Qb8 32.Rxg7  1-0

[Event "1st It"]
[Site "Odivelas POR"]
[Date "2000.12.05"]
[Round "8"]
[White "Fernando,D"]
[Black "Strikovic,A"]
[Result "0-1"]
[WhiteElo "2257"]
[BlackElo "2490"]

1.e4 c5 2.Nf3 e6 3.d4 cxd4 4.Nxd4 a6 5.Nc3 b5 6.Bd3 Bb7 7.O-O Qc7 8.Re1 Nc6
9.Nxc6 Qxc6 10.a4 b4 11.Nd5 Nf6 12.Bd2 Bc5 13.c4 bxc3 14.Nxf6+ gxf6 15.Bxc3 Qb6
16.Qd2 Bd4 17.Bf1 Bxc3 18.Qxc3 Ke7 19.a5 Qc6 20.Qb4+ d6 21.Rac1 Qd7 22.e5 fxe5
23.Rxe5 Rac8 24.Qh4+ f6 25.Ree1 h5 26.Rxc8 Qxc8 27.Bc4 e5 28.h3 Qf5 29.f4 Qc2
30.Qg3 Rh7 31.Qg8 Kd7 32.Bb3 Qc5+ 33.Kh2 Re7 34.fxe5 fxe5 35.Re2 Qb5 36.Bc4 Qxa5
37.Rf2 e4 38.Rf8 Qe5+ 39.Kh1 Qg7 40.Rd8+ Kc7 41.Re8 Qxg8 42.Rxe7+ Kd8 43.Bxg8 Kxe7
44.Kg1 Kf6  0-1

[Event "Open"]
[Site "Zadar CRO"]
[Date "2000.12.10"]
[Round "2"]
[White "Licardo,R"]
[Black "Kutuzovic,B"]
[Result "1/2-1/2"]
[WhiteElo "2216"]
[BlackElo "2427"]

1.e4 c5 2.Nf3 e6 3.Nc3 a6 4.d4 cxd4 5.Nxd4 Qc7 6.Be2 Nc6 7.Be3 Nf6 8.O-O Be7
9.a4 d6 10.Kh1 O-O 11.f4 Re8 12.Nb3 b6 13.Bf3 Nd7 14.Qd2 Rb8 15.Qf2 Bf8 16.Rad1 Nc5
17.Nd4 Bd7 18.Qg3 Nxd4 19.Rxd4 b5 20.axb5 axb5 21.e5 b4 22.exd6 Bxd6 23.Ne4 Nxe4
24.Bxe4 Bb5 25.Ra1 g6 26.Rdd1 Bc5 27.Qf2 Bxe3 28.Qxe3 Red8 29.h3 Rd6  1/2-1/2

[Event "Salona"]
[Site "Solin/Split CRO"]
[Date "2000.12.12"]
[Round "4"]
[White "Zelcic,R"]
[Black "Hulak,K"]
[Result "0-1"]
[WhiteElo "2457"]
[BlackElo "2510"]

1.e4 c5 2.Nf3 e6 3.d4 cxd4 4.Nxd4 a6 5.Nc3 d6 6.Be2 Nf6 7.O-O Be7 8.f4 Qc7
9.Kh1 Nc6 10.a4 O-O 11.Be3 Re8 12.Bg1 Nb4 13.Bf3 e5 14.Nde2 b6 15.Qd2 Bb7
16.Ng3 Bf8 17.Nh5 Nxh5 18.Bxh5 g6 19.Bf3 Bh6 20.Ne2 a5 21.c3 Na6 22.Qe1 exf4
23.Qh4 Bg7 24.Nxf4 Nc5 25.Nd5 Bxd5 26.exd5 Rab8 27.Qc4 Qd7 28.Qb5 Qxb5 29.axb5 Nd3
30.Rab1 h5 31.Rfd1 Ne5 32.Be2 Nd7 33.Bf1 Re7 34.Re1 Rbe8 35.Rxe7 Rxe7 36.g3 Kf8
37.Rc1 Bh6 38.Ra1 Be3 39.h3 Bxg1 40.Kxg1 Re5 41.Bg2 Re3 42.Kf2 Rd3 43.b4 axb4
44.cxb4 Rd2+ 45.Kf1 Rb2 46.Ra4 Ke7 47.Bf3 Kf6 48.Ra7 Ne5 49.Be2 Kf5 50.Ra6 Ke4
51.Kf2 h4 52.gxh4 f5 53.Kf1 f4 54.h5 gxh5 55.Bxh5 f3 56.Ra3 Kf4 57.Ke1 Rxb4  0-1

[Event "TCh-YUG Women"]
[Site "Kragujevac YUG"]
[Date "2000.12.13"]
[Round "3"]
[White "Zatonskih,A"]
[Black "Bojkovic,N"]
[Result "1/2-1/2"]
[WhiteElo "2446"]
[BlackElo "2420"]

1.e4 c5 2.Nf3 e6 3.d4 cxd4 4.Nxd4 a6 5.Nc3 Qc7 6.Be3 Bb4 7.Ne2 Nf6 8.a3 Be7
9.h3 b5 10.g4 Bb7 11.Bg2 h6 12.f4 d6 13.O-O Nc6 14.Ng3 Nd7 15.a4 b4  1/2-1/2

[Event "67th ch-BRA"]
[Site "Teresina BRA"]
[Date "2000.12.13"]
[Round "7"]
[White "Coelho,L"]
[Black "Vescovi,G"]
[Result "0-1"]
[WhiteElo "2164"]
[BlackElo "2526"]

1.e4 c5 2.Nf3 e6 3.d4 cxd4 4.Nxd4 a6 5.Nc3 Qc7 6.Be2 Nf6 7.O-O Nc6 8.Be3 Bb4
9.Na4 O-O 10.Nxc6 bxc6 11.Nb6 Rb8 12.Nxc8 Qxc8 13.Qd3 Qc7 14.b3 Qe5 15.Rad1 Rfd8
16.Bf3 Bc3 17.Qxa6 Nxe4 18.Qc4 f5 19.Bxe4 fxe4 20.g3 d5 21.Qxc6 Rdc8 22.Qa6 Rf8
23.Bd2 Bxd2 24.Rxd2 Ra8 25.Qe2 Rxa2 26.c4 Rxd2 27.Qxd2 Rf3 28.Qa2 d4 29.Re1 e3
30.fxe3 Rxe3 31.Qa8+ Kf7 32.Rf1+ Kg6 33.Qe8+ Kh6 34.Rf4 Re4 35.Kg2 d3 36.Qf7 d2
37.Qd7 Rxf4 38.gxf4 Qe2+  0-1

[Event "TCh-YUG Women"]
[Site "Kragujevac YUG"]
[Date "2000.12.15"]
[Round "5"]
[White "Gaponenko,I"]
[Black "Alexandrova,O"]
[Result "0-1"]
[WhiteElo "2375"]
[BlackElo "2421"]

1.e4 c5 2.Nf3 e6 3.d4 cxd4 4.Nxd4 a6 5.Nc3 b5 6.Be3 Qc7 7.Qd2 Bb4 8.Bd3 Nf6
9.O-O Bxc3 10.bxc3 Bb7 11.f3 O-O 12.a4 bxa4 13.Rxa4 d5 14.Rb1 dxe4 15.Rab4 Bd5
16.fxe4 Bxe4 17.Nxe6 fxe6 18.Bxe4 Nc6 19.Rb7 Qe5 20.Bxc6 Ng4 21.Rxg7+ Qxg7
22.Bd4 Rab8 23.Re1 Rfd8 24.h3 e5 25.hxg4 exd4 26.c4 Qxg4 27.Qh6 Qg6 28.Qh4 Qxc6
29.Re7 Qg6 30.Re5 Kh8 31.Rg5 Qd6 32.Qh5 Rb1+ 33.Kf2 Qf4+ 34.Ke2 Qe3+  0-1

[Event "Belgian Interteams 2000-1"]
[Site "BEL"]
[Date "2000.12.17"]
[Round "5"]
[White "Gulbas,C"]
[Black "Chuchelov,V"]
[Result "0-1"]
[WhiteElo "2293"]
[BlackElo "2535"]

1.e4 c5 2.Nf3 e6 3.d4 cxd4 4.Nxd4 a6 5.Nc3 b5 6.a3 Bb7 7.Bd3 d6 8.O-O Nf6
9.Qe2 Be7 10.f4 O-O 11.Rf3 Nbd7 12.Rh3 Nc5 13.b4 Nxd3 14.cxd3 Rc8 15.Na2 Rxc1+
16.Nxc1 Qb6 17.Nb3 e5 18.Rc1 Rc8 19.Rxc8+ Bxc8 20.f5 exd4 21.Rf3 Nd7 22.Qc2 Bb7
23.Na5 Bg5 24.Rf1 h6 25.Kh1 d5 26.Nxb7 Qxb7 27.exd5 Qxd5 28.Qc8+ Kh7 29.Qxa6 Ne5
30.a4 bxa4 31.Qa5 Qd6 32.f6 Bxf6 33.Qa8 Be7 34.Qe4+ Ng6  0-1

[Event "Abel Cardona Open"]
[Site "Cali COL"]
[Date "2000.12.19"]
[Round "5"]
[White "Ostos,J"]
[Black "Zuluaga,C"]
[Result "1/2-1/2"]
[WhiteElo "2344"]
[BlackElo "2196"]

1.e4 c5 2.Nf3 e6 3.Nc3 a6 4.d4 cxd4 5.Nxd4 Qc7 6.Be2 Nf6 7.O-O Nc6 8.Kh1 Nxd4
9.Qxd4 Bc5 10.Qd3 O-O 11.f4 d6 12.e5 dxe5 13.fxe5 Qxe5 14.Bf4 Qf5 15.Qd1 Ne4
16.Bd3 Nxc3 17.bxc3 Qd5 18.c4 Qc6 19.Rf3 f5 20.Be5 Bd6 21.Qe2 Bxe5 22.Qxe5 Bd7
23.Rg3 Rf7 24.Rd1 Rc8 25.Be2 Qc5 26.Re3 Qxe5 27.Rxe5 Kf8 28.Rb1 Rc7 29.c5 Ke7
30.Bc4 Kf6 31.Rbe1 Re7 32.Bb3 g6 33.Kg1 Rc8 34.Kf2 Rce8 35.R5e3 Bc6 36.Rd1 e5
37.Rd6+ Kg7 38.g3 f4 39.gxf4 exf4 40.Rxe7+ Rxe7 41.Be6 g5 42.c4 Rc7 43.h4 h6
44.hxg5 hxg5 45.Bg4 Re7 46.Be6 a5 47.Kf1 Be8 48.Rb6 Bc6 49.Bd5 Rc7 50.Ke2 Bxd5
51.cxd5 Rxc5 52.Rxb7+ Kf6 53.d6 Rd5 54.d7 Ke7 55.Kf3 Rd3+ 56.Ke4 Ra3 57.Rb5 Ra4+
58.Kf3 Ra3+ 59.Ke4 f3 60.Rxg5 f2 61.Rg7+ Kd8 62.Rf7 Rxa2 63.Kd5 Kc7 64.Kc4 a4
65.Kb4 Kd8 66.Kb5 a3 67.Kb4 Rd2 68.Kxa3 Rxd7  1/2-1/2

[Event "TCh-YUG Women"]
[Site "Kragujevac YUG"]
[Date "2000.12.19"]
[Round "9"]
[White "Dembo,Y"]
[Black "Bojkovic,N"]
[Result "1-0"]
[WhiteElo "2322"]
[BlackElo "2420"]

1.e4 c5 2.Nf3 e6 3.d4 cxd4 4.Nxd4 a6 5.Nc3 Qc7 6.Bd3 Nf6 7.O-O Nc6 8.Be3 Be7
9.Nb3 d6 10.f4 b5 11.Qf3 Bb7 12.a3 Rd8 13.Rae1 b4 14.Ne2 bxa3 15.bxa3 d5
16.e5 Ne4 17.Ng3 Nxg3 18.Qxg3 g6 19.Bc1 a5 20.a4 d4 21.Bb5 h5 22.h3 Kf8 23.Bd2 Nb4
24.Bxb4 Bxb4 25.Re2 Qc3 26.Qh4 Be7 27.Qe1 Bb4 28.Qh4 Be7 29.Qe1 Qxe1 30.Rfxe1 Bb4
31.Rd1 Bc3 32.Nc5 Ba8 33.Ne4 Ke7 34.Rb1 Bb4 35.Nf2 Rc8 36.Nd3 Bc3 37.Kf2 Rc7
38.g3 Rb8 39.Rd1 Bd5 40.g4 hxg4 41.hxg4 Bc4 42.Bxc4 Rxc4 43.f5 gxf5 44.gxf5 Rxa4
45.Rh1 Rc4 46.Rh7 Rcc8 47.Nf4 exf5 48.e6 Kd6 49.exf7 a4 50.Rh6+ Kc5 51.Rhe6 a3
52.Re8 Rxe8 53.Rxe8 Rxe8 54.fxe8=Q a2 55.Nd3+  1-0

[Event "Abel Cardona Open"]
[Site "Cali COL"]
[Date "2000.12.21"]
[Round "7"]
[White "Uribe,M"]
[Black "Perdomo,C"]
[Result "1/2-1/2"]
[WhiteElo "2293"]
[BlackElo "2349"]

1.e4 c5 2.Nf3 e6 3.d4 cxd4 4.Nxd4 a6 5.Nc3 Qc7 6.Be2 b5 7.O-O Bb7 8.Re1 Nc6
9.Nxc6 Bxc6 10.Bf3 Qb7 11.Bf4 d6 12.Qd2 Rd8 13.a4 bxa4 14.Nxa4 Nf6 15.Nc3  1/2-1/2

[Event "Open"]
[Site "Ano Liosia GRE"]
[Date "2000.12.29"]
[Round "3"]
[White "Atakisi,U"]
[Black "Vouldis,A"]
[Result "0-1"]
[WhiteElo "2258"]
[BlackElo "2497"]

1.e4 c5 2.Nf3 e6 3.d4 cxd4 4.Nxd4 a6 5.Nc3 b5 6.Bd3 d6 7.O-O Nf6 8.Kh1 Bb7
9.a3 Nbd7 10.f4 g6 11.e5 dxe5 12.fxe5 Nxe5 13.Rxf6 Qxf6 14.Be4 Ng4 15.Bg5 Nf2+
16.Kg1 Qxg5 17.Kxf2 Qf4+ 18.Qf3 Qxf3+ 19.Kxf3 O-O-O 20.Nb3 f5 21.Bxb7+ Kxb7
22.Re1 Re8  0-1

[Event "1st Wilhelm Steinitz Mem"]
[Site "Prague CZE"]
[Date "2000.12.30"]
[Round "5"]
[White "Lanka,Z"]
[Black "Santo Roman,M"]
[Result "0-1"]
[WhiteElo "2504"]
[BlackElo "2418"]

1.e4 c5 2.Nf3 e6 3.d4 cxd4 4.Nxd4 a6 5.Nc3 Qc7 6.Bd3 Nc6 7.Nxc6 dxc6 8.O-O e5
9.f4 Nf6 10.Kh1 Bc5 11.f5 h5 12.Qf3 b5 13.a4 Bb7 14.Bg5 Ng4 15.Nd1 Be7 16.Bxe7 Qxe7
17.Nf2 Qh4 18.h3 O-O 19.Kg1 Nxf2 20.Rxf2 c5 21.Re1 c4 22.Bf1 Rad8 23.g3 Qg5
24.h4 Qh6 25.axb5 axb5 26.b3 Rd4 27.bxc4 bxc4 28.c3 Rd2 29.Bxc4 Rc8 30.Ba2 Rxf2
31.Qxf2 Rxc3 32.Kh2 Qd6 33.Re2 Qd3 34.Bd5 Bxd5 35.exd5 Qxd5 36.Qg2 Qxg2+
37.Kxg2 f6 38.Ra2 Kh7 39.Ra8 Rb3 40.Re8 Ra3 41.Kf2 Ra6 42.Kf3 g6 43.Ke4 Kh6
44.fxg6 Kxg6 45.Rg8+ Kf7 46.Rb8 Ra3 47.Rb7+ Kg6 48.Rb8 Ra4+ 49.Kd5 Kf5 50.Rh8 Rd4+
51.Kc5 Rg4 52.Kd5 Rxg3 53.Rxh5+ Kg4 54.Rh8 Rh3 55.Rh6 Kf5 56.Rh5+ Kg6 57.Rh8 Kg7
58.Rh5 Rf3 59.Ke6 e4 60.Ra5 e3 61.Ra1 e2 62.Rg1+ Kh6 63.Re1 Rf2 64.Kd5 f5
65.Ke5 Kh5 66.Kd4 f4  0-1

[Event "1st Wilhelm Steinitz Mem B"]
[Site "Prague CZE"]
[Date "2001.01.03"]
[Round "9"]
[White "Resika,N"]
[Black "Livshits,G"]
[Result "1/2-1/2"]
[WhiteElo "2267"]
[BlackElo "2217"]

1.e4 c5 2.Nf3 e6 3.d4 cxd4 4.Nxd4 a6 5.Nc3 b5 6.Bd3 Qb6 7.Be3 Bc5 8.Nce2 Bb7
9.O-O Nf6 10.b4 Bxd4 11.Bxd4 Qc7 12.c4 e5 13.Bb2 Nxe4 14.Bxe4 Bxe4 15.Ng3 Bb7
16.cxb5 axb5 17.Rc1 Qb6 18.Bxe5 O-O 19.Bd6 Re8 20.Nf5 Re4 21.Qh5 Qd8 22.Be7 Rxe7
23.Nxe7+ Qxe7 24.Rfe1 Qf8 25.Qxb5 Bc6 26.Qc4 Ra4 27.a3  1/2-1/2

[Event "Anibal Open"]
[Site "Anibal Open ESP"]
[Date "2001.01.09"]
[Round "2"]
[White "Paramos Dominguez,R"]
[Black "Epishin,V"]
[Result "0-1"]
[WhiteElo "2439"]
[BlackElo "2567"]

1.e4 c5 2.Nf3 e6 3.d4 cxd4 4.Nxd4 a6 5.Nc3 b5 6.Bd3 Qb6 7.Be3 Bc5 8.Be2 Ne7
9.O-O Nbc6 10.Nxc6 Nxc6 11.Bxc5 Qxc5 12.Kh1 Bb7 13.Qd2 O-O 14.Rad1 Rfd8 15.a3 h6
16.f4 d5 17.e5 Ne7 18.Bd3 Rac8 19.Rde1 Nf5 20.Rf2 d4 21.Ne4 Qa7 22.Ng3 Ne3
23.Nf1 Nc4 24.Qc1 Qc5 25.Kg1 b4 26.axb4 Qxb4 27.b3 Nb2 28.Be4 Bxe4 29.Rxe4 Qb7
30.Qe1 Nd1 31.Rd2 Nc3 32.Rexd4 Rxd4 33.Rxd4 Qb6  0-1

[Event "Anibal Open"]
[Site "Anibal Open ESP"]
[Date "2001.01.11"]
[Round "4"]
[White "Perez,Rod"]
[Black "Kobalija,M"]
[Result "0-1"]
[WhiteElo "2478"]
[BlackElo "2594"]

1.e4 c5 2.Nf3 e6 3.Nc3 a6 4.d4 cxd4 5.Nxd4 Qc7 6.Be2 Nc6 7.O-O Nf6 8.Be3 Be7
9.f4 d6 10.Qe1 O-O 11.Qg3 Nxd4 12.Bxd4 b5 13.a3 Bb7 14.Kh1 Bc6 15.Rae1 Rae8
16.Bf3 Rd8 17.Re2 Ba8 18.Nd1 d5 19.Be5 Qc5 20.exd5 Bxd5 21.Bxd5 Qxd5 22.Ne3 Qc5
23.Ng4 Nxg4 24.Qxg4 g6 25.Rfe1 Rd5 26.Bc3 Qc6 27.Qf3 Rc8 28.Re3 Qd7 29.h3 Bf8
30.Re5 Rxe5 31.Rxe5 Rd8 32.Re3 Qd1+ 33.Qxd1 Rxd1+ 34.Re1 Rd5 35.g3 h5 36.h4 Bc5
37.Kg2 Kf8 38.Re5 Ke8 39.Rxd5 exd5 40.Kf3 Kd7 41.Bd2 Ke6 42.Be1 Be7 43.Bd2 Bd6
44.Bc3 Bc5 45.Bd2 Be7 46.Be1 Kd7 47.Bc3 Bd6 48.Bd2 Kc6 49.Ba5 Be7 50.Bc3 Bc5
51.f5 Bd6 52.fxg6 fxg6 53.Bf6 a5 54.g4 a4 55.gxh5 gxh5 56.Ke3 Bg3 57.Kd4 Kd6
58.Kd3 Ke6 59.Bg5 Be1 60.Kd4 Bf2+ 61.Kd3 Kf5 62.b3 Kg4 63.bxa4 bxa4 64.c4 dxc4+
65.Kxc4 Bxh4  0-1

[Event "Anibal Open"]
[Site "Anibal Open ESP"]
[Date "2001.01.13"]
[Round "6"]
[White "Odeev,H"]
[Black "Minasian,Art"]
[Result "0-1"]
[WhiteElo "2442"]
[BlackElo "2595"]

1.e4 c5 2.Nf3 e6 3.d4 cxd4 4.Nxd4 a6 5.Nc3 d6 6.Be3 b5 7.Qd2 Bb7 8.f3 Nd7
9.a4 b4 10.Na2 a5 11.Bb5 Nf6 12.g4 Be7 13.g5 Nh5 14.Nc1 Qc7 15.Nce2 d5 16.O-O-O g6
17.Ng3 O-O 18.Nxh5 gxh5 19.exd5 Bxd5 20.Nf5 Nc5 21.Nxe7+ Qxe7 22.Qf2 Rac8
23.Kb1 Nd7 24.Rhe1 Bc6 25.Bxc6 Rxc6 26.Bd4 Rfc8 27.Rd2 Nc5 28.Qe3 Nd7 29.f4 e5
30.fxe5 Nf8 31.b3 Ne6 32.h4 Qc7 33.Ree2 Qb7 34.Bb2 Rc5 35.Qe4 Qa7 36.Qf3 R5c6
37.Qxh5 Nf4 38.Qh6 Nxe2 39.Rxe2 Qg1+ 40.Ka2 Rxc2 41.e6 Rxb2+ 42.Rxb2 Qf1
43.h5 Qf5 44.exf7+ Qxf7 45.g6 Qe7 46.Rg2 Kh8 47.Qf4 Re8 48.gxh7 Rd8 49.Qg3 Qf7
50.Qg8+  0-1

[Event "Anibal Open"]
[Site "Linares ESP"]
[Date "2001.01.15"]
[Round "8"]
[White "Del Rio Angelis,S"]
[Black "Minasian,Art"]
[Result "1-0"]
[WhiteElo "2472"]
[BlackElo "2567"]

1.e4 c5 2.Nf3 e6 3.d4 cxd4 4.Nxd4 a6 5.Nc3 b5 6.Be2 Bb7 7.O-O d6 8.Re1 Nd7
9.a4 b4 10.Na2 a5 11.c3 Ngf6 12.cxb4 Bxe4 13.Bg5 d5 14.Bb5 Bd6 15.Nc3 Qc7
16.Bxf6 gxf6 17.Nxe4 dxe4 18.Qh5 Bxb4 19.Rxe4 e5 20.Ne6 Qb7 21.Rc4 Bd6 22.Ng7+  1-0

[Event "IM Closed"]
[Site "Martinenc ESP"]
[Date "2001.01.15"]
[Round "8"]
[White "Serra Pages,J"]
[Black "Gallego,R"]
[Result "1-0"]
[WhiteElo "2188"]
[BlackElo "2298"]

1.e4 c5 2.Nf3 e6 3.d4 cxd4 4.Nxd4 a6 5.Nc3 Qc7 6.g4 Bb4 7.Ne2 Nf6 8.f3 d5
9.g5 Nh5 10.exd5 O-O 11.Qd4 Bxc3+ 12.Nxc3 exd5 13.Qh4 Re8+ 14.Be2 d4 15.Ne4 Qxc2
16.Bd2 g6 17.Rc1 Qxb2 18.Nd6 Rxe2+ 19.Kxe2 Nc6 20.Rhd1 Be6 21.Ne4 Ne5 22.Nf6+ Nxf6
23.gxf6 Bc4+ 24.Kf2 Qa3 25.Qe4 Nd3+ 26.Kg1 Nxc1 27.Bxc1 Qxa2 28.Rxd4 Bb5
29.Qe7 h5 30.Rd8+ Rxd8 31.Qxd8+  1-0

[Event "XXVI Open"]
[Site "Seville ESP"]
[Date "2001.01.20"]
[Round "9"]
[White "Biedma Martin,E"]
[Black "Candilejo Ronchel,A"]
[Result "1-0"]
[WhiteElo "2288"]
[BlackElo "2118"]

1.e4 e6 2.Nf3 c5 3.Nc3 a6 4.d4 cxd4 5.Nxd4 d6 6.Be2 Nf6 7.O-O Be7 8.f4 O-O
9.Kh1 b5 10.Bf3 Ra7 11.Be3 Rd7 12.f5 e5 13.Nde2 Bb7 14.Ng3 d5 15.Nxd5 Nxd5
16.exd5 Bxd5 17.Bxd5 Rxd5 18.Qf3 Qd7 19.f6 Bxf6 20.Nh5 Bh4 21.Rad1 Rxd1 22.Rxd1 e4
23.Qe2 Qe6 24.Nf4 Qc4 25.Qxc4 bxc4 26.Rd4 f5 27.Rxc4 Bf6 28.b4 Re8 29.a4 Be5
30.g3 Bxf4 31.gxf4 Kf7 32.b5 axb5 33.axb5 Ke6 34.b6 Re7 35.Rc8 Rb7 36.Rc7  1-0